• Gould Phil

di Personal Name

Records bibliografici associati: 1

001 - CONTROL NUMBER

  • control field: 16943

003 - CONTROL NUMBER IDENTIFIER

  • control field: IT-RoPau

005 - DATE AND TIME OF LATEST TRANSACTION

  • control field: 20140322152918.0

008 - FIXED-LENGTH DATA ELEMENTS

  • fixed length control field: 140322|| aca||aabn | a|a d

040 ## - CATALOGING SOURCE

  • Original cataloging agency: IT-RoPau
  • Transcribing agency: IT-RoPau

100 ## - HEADING--PERSONAL NAME

  • Personal name: Gould Phil
  • Miscellaneous information: Codice autore SPICS: 28144
  • Relator term: Autore
  • Name of part/section of a work: I Sleep On My Heart - It's Not the Same For Us - Good Man In A Storm - Coup d'etat - World Machine - Physical Presence - Something About You - Leaving Me Now

670 ## - SOURCE DATA FOUND

  • Source citation: Work cat.: (IT-RoPau)100671: Level 42 16938, World Machine
CREDITS: SOCIETA' SAN PAOLO Via A.Severo, 58 - ROMA (RM) & PERIODICI SAN PAOLO SRL Via Giotto, 36 MILANO & CISF Via Giotto, 36 MILANO & EDIZIONI SAN PAOLO SRL,  Piazza Soncino, 5 CINISELLO BALSAMO (MI) -- ITALY